Faktory zmierňovania rozdielov v úrovni rozvinutosti regiónov v SR bakalárska práca

Salvato in:
Dettagli Bibliografici
Autore principale: Sačurovská, Veronika
Ente Autore: Národohospodárska fakulta EU. Katedra financií
Altri autori: Neupauerová, Zuzana
Natura: Libro
Lingua:slovacco
Pubblicazione: Bratislava 2010
Tags: Aggiungi Tag
Nessun Tag, puoi essere il primo ad aggiungerne!!

MARC

LEADER 00000nbm a2200000 4500
001 0133117
005 20161109111507.6
041 0 |a slo 
044 |a SK 
245 1 0 |a Faktory zmierňovania rozdielov v úrovni rozvinutosti regiónov v SR  |b bakalárska práca  |c Veronika Sačurovská ; školiteľ: Zuzana Neupauerová 
264 1 |a Bratislava  |c 2010 
300 |a 60 s. 
100 1 |a Sačurovská, Veronika 
700 1 |a Neupauerová, Zuzana 
710 2 |a Národohospodárska fakulta EU. Katedra financií